[Event "Albin Counter-gambit"]
[Site "SchemingMind.com"]
[Date "2008.02.23"]
[Round "-"]
[White "Schaakmaatje"]
[Black "TRFz"]
[Result "0-1"]
[WhiteCountry "NED"]
[BlackCountry "GBR"]
[WhiteElo "1755"]
[WhiteRD "46"]
[BlackElo "2049"]
[BlackRD "54"]
[GameID "142448"]

1. d4 d5 2. c4 e5 3. dxe5 d4 4. Nf3 Nc6 5. Nbd2 f6 6. Nb3 fxe5 7. Bg5 Bb4+ 8. Nbd2 Nf6 9. g3 h6 10. Bxf6 Qxf6
11. Bg2 e4 12. Ng1 e3
0-1

[Event "Albin Counter-gambit"]
[Site "SchemingMind.com"]
[Date "2008.02.23"]
[Round "-"]
[White "TRFz"]
[Black "Schaakmaatje"]
[Result "1-0"]
[WhiteCountry "GBR"]
[BlackCountry "NED"]
[WhiteElo "2049"]
[WhiteRD "54"]
[BlackElo "1755"]
[BlackRD "46"]
[GameID "142449"]

1. d4 d5 2. c4 e5 3. dxe5 d4 4. Nf3 c5 5. e3 Nc6 6. exd4 cxd4 7. Bd3 Bg4 8. O-O Bc5 9. Re1 Nge7 10. h3 Bh5
11. a3 O-O 12. Bxh7+ Kh8 13. Be4 Nxe5 14. Bxb7 Rb8 15. Rxe5
1-0

[Event "Albin Counter-gambit"]
[Site "SchemingMind.com"]
[Date "2008.02.20"]
[Round "-"]
[White "Valiantangel"]
[Black "TRFz"]
[Result "0-1"]
[WhiteCountry "SGP"]
[BlackCountry "GBR"]
[WhiteElo "1301"]
[WhiteRD "86"]
[BlackElo "2111"]
[BlackRD "61"]
[GameID "142711"]

1. d4 d5 2. c4 e5 3. dxe5 d4 4. Nf3 Nc6 5. g3 Bf5 6. a3 Qd7 7. b4 O-O-O 8. Nbd2 f6 9. Bg2 fxe5 10. b5 Na5
11. Nxe5 Qe6 12. Ndf3 Nxc4 13. Nxc4 Qxc4 14. O-O Nf6 15. Bg5 d3
0-1

[Event "Albin Counter-gambit"]
[Site "SchemingMind.com"]
[Date "2008.02.20"]
[Round "-"]
[White "TRFz"]
[Black "Valiantangel"]
[Result "1-0"]
[WhiteCountry "GBR"]
[BlackCountry "SGP"]
[WhiteElo "2111"]
[WhiteRD "61"]
[BlackElo "1301"]
[BlackRD "86"]
[GameID "142713"]

1. d4 d5 2. c4 e5 3. dxe5 d4 4. Nf3 Nc6 5. g3 Bg4 6. Bg2 Qd7 7. O-O O-O-O 8. Qb3 Bh3 9. e6 Qxe6 10. Ng5 Qe8
11. Nxh3 h5 12. e3 f6 13. exd4 Rxd4 14. Be3 Rd8 15. Nc3 a6 16. Rfd1 Rxd1+ 17. Rxd1
1-0

[Event "Albin Counter-gambit"]
[Site "SchemingMind.com"]
[Date "2008.02.27"]
[Round "-"]
[White "ilardi"]
[Black "Schaakmaatje"]
[Result "0-1"]
[WhiteCountry "USA"]
[BlackCountry "NED"]
[WhiteElo "1475"]
[WhiteRD "133"]
[BlackElo "1743"]
[BlackRD "46"]
[GameID "143172"]

1. d4 d5 2. c4 e5 3. dxe5 d4 4. e3 Bb4+ 5. Bd2 Bxd2+ 6. Qxd2 Nc6 7. Nf3 Nge7 8. exd4 Bg4 9. d5 Bxf3 10. gxf3 Nxe5
11. b3 Nxf3+ 12. Kd1 Nxd2 13. Nxd2 Qd6 14. Bd3 O-O-O 15. Kc2 f5 16. Rae1 Rhf8 17. h3 Rf6 18. Rhg1 g6 19. Nf3 Ng8 20. Nd4 Qf4
21. Ne6 Qxf2+ 22. Kc3 Re8 23. Rgf1 Qxa2 24. Bb1 Qa5+ 25. Kb2 c6 26. Rd1 Rfxe6 27. dxe6 Rxe6 28. h4 Nf6 29. Rd3 Re2+ 30. Kc1 Ne4
31. Rfd1 Qa3#
0-1

[Event "Albin Counter-gambit"]
[Site "SchemingMind.com"]
[Date "2008.02.27"]
[Round "-"]
[White "ilardi"]
[Black "TRFz"]
[Result "0-1"]
[WhiteCountry "USA"]
[BlackCountry "GBR"]
[WhiteElo "1494"]
[WhiteRD "135"]
[BlackElo "2083"]
[BlackRD "55"]
[GameID "143173"]

1. d4 d5 2. c4 e5 3. Nc3 dxc4 4. Nf3 exd4 5. Qxd4 Qxd4 6. Nxd4 c6 7. e4 b5 8. a3 Nf6 9. Be2 Bc5 10. Be3 Bxd4
11. Bxd4 Nbd7 12. O-O O-O 13. Rad1 Re8 14. f4 Nxe4 15. Bf3 Nxc3 16. Bxc3 Nb8 17. Rd6 Kf8 18. Bb4 a5 19. Bc5 Kg8 20. Rfd1 Bb7
21. Rd8 Na6 22. Bb6 Raxd8 23. Bxd8 a4 24. Ba5 Nc5 25. Bb6 Nd3 26. g3 Nxb2 27. Rd7 c3 28. Bh5 g6 29. Bf3 c2 30. Rxb7 c1=Q+
31. Kg2 Qd2+ 32. Kh3 Nd3 33. Rd7 Nf2+ 34. Kg2 Qxd7 35. Bxf2 Rc8 36. h3 c5 37. Kh2 b4 38. g4 b3 39. g5 b2 40. Bg4 Qd2
41. Kg2 b1=Q 42. Bxc8 Qbc2
0-1

[Event "Albin Counter-gambit"]
[Site "SchemingMind.com"]
[Date "2008.02.27"]
[Round "-"]
[White "Schaakmaatje"]
[Black "ilardi"]
[Result "1-0"]
[WhiteCountry "NED"]
[BlackCountry "USA"]
[WhiteElo "1802"]
[WhiteRD "48"]
[BlackElo "1426"]
[BlackRD "130"]
[GameID "143175"]

1. d4 d5 2. c4 e5 3. dxe5 Be6 4. cxd5 Bxd5 5. Nc3 c6 6. e4 Be6 7. Be2 Qxd1+ 8. Bxd1 Bb4 9. Ne2 Nd7 10. Bf4 Nc5
11. O-O Bc4 12. b3 Bxc3 13. Nxc3 Bxf1 14. Kxf1 Rd8 15. Be2 Ne7 16. Be3 Ne6 17. Ke1 O-O 18. Bxa7 Ng6 19. Bb6 Rd7 20. Rd1 Rxd1+
21. Kxd1 Nxe5 22. f3 Nf4 23. Bf1 Nfd3 24. Kd2 Nb4 25. a3 Na6 26. Ke3 Re8 27. Bd4 Nc7 28. Be2 Ng6 29. f4 Ne6 30. f5 Nxd4
31. Kxd4 Rd8+ 32. Ke3 Nh4 33. g3 Ng2+ 34. Kf2 Nh4 35. gxh4 Rd6 36. Ke3 g6 37. e5 Rd8 38. f6 Re8 39. Kf4 h5 40. Ne4 Rd8
41. Nd6 b5 42. Bf3 c5 43. Bd5 Rd7 44. Bc6
1-0

[Event "Albin Counter-gambit"]
[Site "SchemingMind.com"]
[Date "2008.02.27"]
[Round "-"]
[White "TRFz"]
[Black "ilardi"]
[Result "1-0"]
[WhiteCountry "GBR"]
[BlackCountry "USA"]
[WhiteElo "2083"]
[WhiteRD "55"]
[BlackElo "1494"]
[BlackRD "135"]
[GameID "143176"]

1. d4 d5 2. c4 e5 3. dxe5 Be6 4. cxd5 Bxd5 5. Nc3 Ne7 6. e4 Bc6 7. Qxd8+ Kxd8 8. Nf3 Nd7 9. e6 fxe6 10. Ng5 Ne5
11. f4 N5g6 12. Nf7+ Kd7 13. Nxh8 Nxh8 14. Be3 Nhg6 15. O-O-O+ Ke8 16. Bc4 a6 17. Bxe6 b5 18. f5 Ne5 19. Rhe1 Bd7 20. Bxd7+ Nxd7
21. Bf4 c5 22. a4 Nc6 23. Nd5 Kf7 24. Nc7 Rc8 25. Rxd7+ Kg8 26. axb5 axb5 27. Nxb5 Ra8 28. Kb1 Na5 29. e5 Rb8 30. Nc3 Nc4
31. Re2 Rb4 32. e6 Nb6 33. Bg3 Nxd7 34. exd7 Kf7 35. d8=Q Rb7 36. Qd5+
1-0

[Event "Albin Counter-gambit"]
[Site "SchemingMind.com"]
[Date "2008.03.01"]
[Round "-"]
[White "dcon"]
[Black "ilardi"]
[Result "1-0"]
[WhiteCountry "RSA"]
[BlackCountry "USA"]
[WhiteElo "2079"]
[WhiteRD "61"]
[BlackElo "1298"]
[BlackRD "163"]
[GameID "143475"]

1. d4 d5 2. c4 e5 3. cxd5 Bd6 4. dxe5 Bxe5 5. Nf3 Bd6 6. e4 c6 7. Nc3 Bc7 8. Qd4 Ne7 9. Qxg7 Ng6 10. e5 Ba5
11. d6 Bd7 12. Bg5 Qc8 13. Nh4 Rf8 14. Nxg6 hxg6 15. Bh6 Be6 16. Qxf8+ Kd7 17. Qe7#
1-0

[Event "Albin Counter-gambit"]
[Site "SchemingMind.com"]
[Date "2008.02.27"]
[Round "-"]
[White "dcon"]
[Black "Valiantangel"]
[Result "1-0"]
[WhiteCountry "RSA"]
[BlackCountry "SGP"]
[WhiteElo "2146"]
[WhiteRD "63"]
[BlackElo "1301"]
[BlackRD "86"]
[GameID "143476"]

1. d4 d5 2. c4 e5 3. cxd5 Qxd5 4. Nc3 Bb4 5. Bd2 Qxd4 6. e3 Qd6 7. Be2 Nf6 8. a3 Ba5 9. b4 Bb6 10. Rc1 O-O
11. Nf3 e4 12. Nb5 Qe7 13. Nfd4 a6 14. Nc3 Bxd4 15. exd4 Nc6 16. d5
1-0

[Event "Albin Counter-gambit"]
[Site "SchemingMind.com"]
[Date "2008.02.25"]
[Round "-"]
[White "dcon"]
[Black "TRFz"]
[Result "1-0"]
[WhiteCountry "RSA"]
[BlackCountry "GBR"]
[WhiteElo "2079"]
[WhiteRD "61"]
[BlackElo "2049"]
[BlackRD "54"]
[GameID "143478"]

1. d4 d5 2. c4 e5 3. dxe5 d4 4. Nf3 Nc6 5. g3 Bf5 6. Bg2 Qd7 7. O-O O-O-O 8. Qb3 Be7 9. Rd1 Bh3 10. Bh1 h5
11. Nxd4 h4 12. Nc3 hxg3 13. hxg3 Na5 14. Qc2 Bf1 15. Be4 Bh3 16. Ncb5 Kb8 17. Qa4 a6 18. Qxa5 axb5 19. Be3
1-0

[Event "Albin Counter-gambit"]
[Site "SchemingMind.com"]
[Date "2008.03.01"]
[Round "-"]
[White "ilardi"]
[Black "dcon"]
[Result "0-1"]
[WhiteCountry "USA"]
[BlackCountry "RSA"]
[WhiteElo "1494"]
[WhiteRD "135"]
[BlackElo "2082"]
[BlackRD "63"]
[GameID "143479"]

1. d4 d5 2. c4 e5 3. e3 Nc6 4. Nc3 Bb4 5. Nf3 exd4 6. Nxd4 dxc4 7. Be2 Nge7 8. Nxc6 Qxd1+ 9. Bxd1 Nxc6 10. Bd2 O-O
11. O-O Rd8 12. Be1 Be6 13. Rc1 Ne5 14. Be2 a5 15. f4 Ng4 16. h3 Nxe3 17. Rf3 Nf5 18. Bf2 Rd2 19. a3 Bxc3 20. Bf1 Bxb2
21. Bxc4 Bxc1 22. Bxe6 fxe6 23. g4 Nd4 24. a4 Nxf3+ 25. Kf1 Rad8 26. Be3 Rc2 27. Bxc1 Rd1#
0-1

[Event "Albin Counter-gambit"]
[Site "SchemingMind.com"]
[Date "2008.02.27"]
[Round "-"]
[White "Valiantangel"]
[Black "dcon"]
[Result "0-1"]
[WhiteCountry "SGP"]
[BlackCountry "RSA"]
[WhiteElo "1301"]
[WhiteRD "86"]
[BlackElo "2146"]
[BlackRD "63"]
[GameID "143480"]

1. d4 d5 2. c4 e5 3. dxe5 d4 4. Nf3 c5 5. e3 Nc6 6. h3 Be6 7. Be2 Qc7 8. exd4 cxd4 9. O-O O-O-O 10. a3 d3
11. Bxd3 Bxc4 12. Ne1 Bxd3 13. Nxd3 Qd7 14. Bf4 Qxd3 15. Qg4+ Rd7
0-1

[Event "Albin Counter-gambit"]
[Site "SchemingMind.com"]
[Date "2008.02.26"]
[Round "-"]
[White "Schaakmaatje"]
[Black "dcon"]
[Result "0-1"]
[WhiteCountry "NED"]
[BlackCountry "RSA"]
[WhiteElo "1739"]
[WhiteRD "49"]
[BlackElo "2082"]
[BlackRD "63"]
[GameID "143481"]

1. d4 d5 2. c4 e5 3. dxe5 d4 4. Nf3 c5 5. Bg5 Be7 6. Qd2 h6 7. Bxe7 Nxe7 8. g3 Nbc6 9. Bg2 O-O 10. O-O Ng6
11. Na3 Re8 12. Rfe1 Ngxe5 13. Nxe5 Rxe5 14. Qf4 Qe7 15. Qd2 Bg4 16. e4 dxe3 17. fxe3 Rd8 18. Qc3 Nb4
0-1

[Event "Albin Counter-gambit"]
[Site "SchemingMind.com"]
[Date "2008.02.25"]
[Round "-"]
[White "TRFz"]
[Black "dcon"]
[Result "1-0"]
[WhiteCountry "GBR"]
[BlackCountry "RSA"]
[WhiteElo "2049"]
[WhiteRD "54"]
[BlackElo "2079"]
[BlackRD "61"]
[GameID "143482"]

1. d4 d5 2. c4 e5 3. dxe5 d4 4. Nf3 c5 5. e3 Nc6 6. exd4 Nxd4 7. Bd3 Bg4 8. Nbd2 Qd7 9. h3 Bh5 10. g4 Bg6
11. Bxg6 hxg6 12. Nb3 O-O-O 13. Nbxd4 cxd4 14. Qd3 Bc5 15. Bd2 Ne7 16. b4 Bb6 17. Ng5 f6 18. Nf7 Nc6 19. Nxd8 Nxe5 20. Qe4 Rxd8
21. O-O Rh8 22. f4 Nf7 23. Qd3 Bc7 24. Rae1 f5 25. g5 Nd6 26. Re5 Ne4 27. Rd5 Qa4 28. Rxd4 Qxa2 29. Rd1 Qa4 30. Be1 a6
31. Rd7 Kb8 32. Rxg7 Rd8 33. Rd7 Rxd7 34. Qxd7 Qb3 35. Qd3 Qa2 36. c5 Ka7 37. Qe3 Qa4 38. Rb1 Qa2 39. Rc1 Qa4 40. Rc4 Qa2
41. Rxe4 fxe4 42. Qxe4 Qf7 43. Bg3 Kb8 44. h4 Kc8 45. Kg2
1-0

[Event "Albin Counter-gambit"]
[Site "SchemingMind.com"]
[Date "2008.03.03"]
[Round "-"]
[White "ekulrac"]
[Black "ilardi"]
[Result "1-0"]
[WhiteCountry "SCO"]
[BlackCountry "USA"]
[WhiteElo "1809"]
[WhiteRD "62"]
[BlackElo "1298"]
[BlackRD "163"]
[GameID "143780"]

1. d4 d5 2. c4 e5 3. dxe5 Nc6 4. Nf3 Be6 5. Nc3 dxc4 6. Qxd8+ Rxd8 7. e3 Nb4 8. Rb1 Nc2+ 9. Ke2 Bf5 10. e4 Bg4
11. Be3 g6 12. h3 Be6 13. Ng5 Bd7 14. Nd5 Bg7 15. Nxc7+ Ke7 16. Bc5#
1-0

[Event "Albin Counter-gambit"]
[Site "SchemingMind.com"]
[Date "2008.02.29"]
[Round "-"]
[White "ekulrac"]
[Black "Valiantangel"]
[Result "1-0"]
[WhiteCountry "SCO"]
[BlackCountry "SGP"]
[WhiteElo "1803"]
[WhiteRD "65"]
[BlackElo "1326"]
[BlackRD "86"]
[GameID "143781"]

1. d4 d5 2. c4 e5 3. e4 dxe4 4. d5 Nf6 5. Nc3 Bc5 6. Qe2 Bf5 7. Bg5 Bb4 8. Qc2 O-O 9. a3 Bxc3+ 10. Qxc3 Nbd7
11. Ne2 Bg6 12. Ng3 Re8 13. c5
1-0

[Event "Albin Counter-gambit"]
[Site "SchemingMind.com"]
[Date "2008.03.03"]
[Round "-"]
[White "ekulrac"]
[Black "Schaakmaatje"]
[Result "1-0"]
[WhiteCountry "SCO"]
[BlackCountry "NED"]
[WhiteElo "1803"]
[WhiteRD "65"]
[BlackElo "1739"]
[BlackRD "49"]
[GameID "143782"]

1. d4 d5 2. c4 e5 3. dxe5 d4 4. Nf3 Nc6 5. g3 Bb4+ 6. Bd2 Qe7 7. Bg2 Bf5 8. O-O O-O-O 9. Qa4 Bxd2 10. Nbxd2 Nh6
11. a3 Ng4 12. b4 a6 13. b5 axb5 14. cxb5 Nb8 15. Nc4 h5 16. Rac1 Rh6 17. Qa7
1-0

[Event "Albin Counter-gambit"]
[Site "SchemingMind.com"]
[Date "2008.02.27"]
[Round "-"]
[White "ekulrac"]
[Black "TRFz"]
[Result "0-1"]
[WhiteCountry "SCO"]
[BlackCountry "GBR"]
[WhiteElo "1809"]
[WhiteRD "62"]
[BlackElo "2049"]
[BlackRD "54"]
[GameID "143783"]

1. d4 d5 2. c4 e5 3. dxe5 d4 4. Nf3 Nc6 5. g3 Bf5 6. Bg2 Qd7 7. O-O O-O-O 8. Qa4 Kb8 9. b4 Nxe5 10. b5 Nxf3+
11. Bxf3 Nf6 12. Ba3 Bg4 13. Bc6 bxc6 14. bxc6 Qc8 15. Bxf8 Rhxf8 16. Na3 Nd7 17. Rab1+ Nb6 18. Qa5 Qe6 19. c5 Qxc6 20. Rfc1 Qb7
21. c6 Qa8 22. Nc4 Bxe2 23. Nd2 g6 24. a4 Rfe8 25. Qc5 Kc8 26. a5 Na4
0-1

[Event "Albin Counter-gambit"]
[Site "SchemingMind.com"]
[Date "2008.02.27"]
[Round "-"]
[White "ekulrac"]
[Black "dcon"]
[Result "0-1"]
[WhiteCountry "SCO"]
[BlackCountry "RSA"]
[WhiteElo "1775"]
[WhiteRD "67"]
[BlackElo "2088"]
[BlackRD "70"]
[GameID "143784"]

1. d4 d5 2. c4 e5 3. dxe5 d4 4. Nf3 c5 5. e3 Nc6 6. a3 Bg4 7. Be2 Bxf3 8. Bxf3 Nxe5 9. Bxb7 Rb8 10. Qa4+ Qd7
11. Qxd7+ Kxd7 12. Bd5 Nf6 13. e4 Nd3+ 14. Kd1 Nxf2+
0-1

[Event "Albin Counter-gambit"]
[Site "SchemingMind.com"]
[Date "2008.03.03"]
[Round "-"]
[White "ilardi"]
[Black "ekulrac"]
[Result "0-1"]
[WhiteCountry "USA"]
[BlackCountry "SCO"]
[WhiteElo "1298"]
[WhiteRD "163"]
[BlackElo "1809"]
[BlackRD "62"]
[GameID "143785"]

1. d4 d5 2. c4 e5 3. dxe5 d4 4. e3 Bb4+ 5. Bd2 dxe3 6. fxe3 Bxd2+ 7. Nxd2 Nc6 8. Ngf3 Bg4 9. Be2 Bxf3 10. Bxf3 Nxe5
11. Bd5 c6 12. Be4 Nd3+ 13. Bxd3 Qxd3 14. e4 Nf6 15. b3 O-O-O 16. Rf1 Rhe8 17. Rf3 Qd4 18. Qc2 Qxa1+ 19. Kf2 Rxd2+ 20. Qxd2 Nxe4+
0-1

[Event "Albin Counter-gambit"]
[Site "SchemingMind.com"]
[Date "2008.02.29"]
[Round "-"]
[White "Valiantangel"]
[Black "ekulrac"]
[Result "0-1"]
[WhiteCountry "SGP"]
[BlackCountry "SCO"]
[WhiteElo "1326"]
[WhiteRD "86"]
[BlackElo "1803"]
[BlackRD "65"]
[GameID "143786"]

1. d4 d5 2. c4 e5 3. dxe5 d4 4. Nf3 Nc6 5. a3 a5 6. e3 Bg4 7. Be2 d3 8. Qxd3 Qxd3 9. Bxd3 Rd8 10. Be4 Nxe5
11. O-O Nxf3+ 12. gxf3 Bc8
0-1

[Event "Albin Counter-gambit"]
[Site "SchemingMind.com"]
[Date "2008.02.27"]
[Round "-"]
[White "TRFz"]
[Black "ekulrac"]
[Result "1-0"]
[WhiteCountry "GBR"]
[BlackCountry "SCO"]
[WhiteElo "2049"]
[WhiteRD "54"]
[BlackElo "1809"]
[BlackRD "62"]
[GameID "143788"]

1. d4 d5 2. c4 e5 3. dxe5 d4 4. Nf3 Nc6 5. g3 Nge7 6. Bg2 Ng6 7. Bf4 Nxf4 8. gxf4 Bf5 9. O-O Be7 10. Qb3 O-O
11. Qxb7 Nb4 12. Na3 a6 13. Rfd1 Rb8 14. Qa7 c5 15. Ne1 f6 16. Nd3 Bxd3 17. exd3 fxe5 18. fxe5 Bh4 19. Qxc5 Bxf2+ 20. Kh1 Qh4
21. Qd6 Bg3 22. h3 Bf4 23. Qe6+ Kh8 24. Qg4 Qxg4 25. hxg4 Bxe5 26. Be4 Rf2 27. c5 Rbf8 28. Nc4 Bc7 29. Rd2 Nc2 30. Rxf2 Rxf2
31. Kg1 Rf8 32. Rf1
1-0

[Event "Albin Counter-gambit"]
[Site "SchemingMind.com"]
[Date "2008.02.27"]
[Round "-"]
[White "dcon"]
[Black "ekulrac"]
[Result "1-0"]
[WhiteCountry "RSA"]
[BlackCountry "SCO"]
[WhiteElo "2079"]
[WhiteRD "61"]
[BlackElo "1809"]
[BlackRD "62"]
[GameID "143789"]

1. d4 d5 2. c4 e5 3. dxe5 d4 4. Nf3 Nc6 5. g3 Nge7 6. Bg2 Nf5 7. O-O Be6 8. Nbd2 Be7 9. Nb3 O-O 10. g4 Nh4
11. Nxh4 Bxh4 12. Bxc6 bxc6 13. Qxd4 Be7 14. Qxd8 Rfxd8 15. h3 Bxc4 16. Be3 Bxe2 17. Rfc1 Rd5 18. Rxc6 Rxe5 19. Rxc7 Bd6 20. Rd7 Be7
21. Rxa7 Re8 22. Rc1 g5 23. Nd4 h5 24. Nxe2 hxg4 25. hxg4 f5 26. gxf5 Rxf5 27. Nd4
1-0

[Event "Albin Counter-gambit"]
[Site "SchemingMind.com"]
[Date "2008.03.03"]
[Round "-"]
[White "SLAINTIE MHATH"]
[Black "ilardi"]
[Result "1-0"]
[WhiteCountry "POL"]
[BlackCountry "USA"]
[WhiteElo "1591"]
[WhiteRD "45"]
[BlackElo "1298"]
[BlackRD "163"]
[GameID "143838"]

1. d4 d5 2. c4 e5 3. dxe5 Be6 4. cxd5 Bxd5 5. a3 c6 6. Nc3 Ne7 7. Bg5 Qc7 8. Bxe7 Bxe7 9. Qd4 O-O 10. e4 Rd8
11. exd5 Nd7 12. d6 Qb6 13. Qxb6 Nxb6 14. dxe7 Re8 15. f4 Rxe7 16. Ne4 Nd5 17. Kf2 Nxf4 18. Nf3 Rd8 19. Nd6 Rdd7 20. g3 Nd5
21. Bc4 b5 22. Bxd5 cxd5 23. Rac1 f6 24. Rc8+
1-0

[Event "Albin Counter-gambit"]
[Site "SchemingMind.com"]
[Date "2008.02.29"]
[Round "-"]
[White "SLAINTIE MHATH"]
[Black "Valiantangel"]
[Result "1-0"]
[WhiteCountry "POL"]
[BlackCountry "SGP"]
[WhiteElo "1655"]
[WhiteRD "50"]
[BlackElo "1301"]
[BlackRD "86"]
[GameID "143839"]

1. d4 d5 2. c4 e5 3. dxe5 d4 4. a3 a5 5. h3 c5 6. g3 Bd7 7. Nf3 Nc6 8. Bf4 Nge7 9. g4 Ng6 10. Qd2 Nxf4
11. Qxf4 Be7 12. g5 Be6 13. Nbd2 O-O 14. h4 a4 15. Rd1 Qb6 16. Rb1 Na5 17. e3
1-0

[Event "Albin Counter-gambit"]
[Site "SchemingMind.com"]
[Date "2008.02.28"]
[Round "-"]
[White "SLAINTIE MHATH"]
[Black "ekulrac"]
[Result "0-1"]
[WhiteCountry "POL"]
[BlackCountry "SCO"]
[WhiteElo "1591"]
[WhiteRD "45"]
[BlackElo "1809"]
[BlackRD "62"]
[GameID "143840"]

1. d4 d5 2. c4 e5 3. dxe5 d4 4. Nf3 Nc6 5. Bg5 Be7 6. Qd2 Bf5 7. g3 h6 8. Bxe7 Qxe7 9. Nxd4 Nxd4 10. Qxd4 Rd8
11. Qf4 Bxb1 12. a3 Bg6 13. Bg2 c6 14. O-O Qg5 15. e3 Ne7 16. Qxg5 hxg5 17. f4 gxf4 18. exf4 O-O 19. g4 Bd3 20. Rfd1 Bxc4
21. Rd6 Nd5 22. Rxd8 Rxd8 23. Rd1 Kf8 24. Bxd5 Rxd5 25. Rxd5 cxd5 26. Kf2 Ke7 27. Ke3 Ke6 28. h4 a5 29. Kd4 b5 30. f5+ Ke7
31. h5 Be2 32. Kxd5 Bxg4 33. Kc5 Bxf5 34. Kxb5 Bg4 35. Kxa5 Bxh5 36. Kb6 g5 37. a4 g4 38. a5 g3 39. a6 g2 40. a7 Bf3
0-1

[Event "Albin Counter-gambit"]
[Site "SchemingMind.com"]
[Date "2008.03.03"]
[Round "-"]
[White "SLAINTIE MHATH"]
[Black "Schaakmaatje"]
[Result "1-0"]
[WhiteCountry "POL"]
[BlackCountry "NED"]
[WhiteElo "1655"]
[WhiteRD "50"]
[BlackElo "1743"]
[BlackRD "46"]
[GameID "143841"]

1. d4 d5 2. c4 e5 3. dxe5 d4 4. Nf3 Nc6 5. Bg5 Be7 6. Bxe7 Ngxe7 7. g3 O-O 8. Bg2 Bf5 9. Nbd2 d3 10. e4 Bg4
11. h3 Bxf3 12. Nxf3 Ng6 13. e6 fxe6 14. O-O Nge5 15. Nxe5 Nxe5 16. b3 Qf6 17. f4 Nc6 18. Qxd3 Rad8 19. Qe3 Nb4 20. e5 Qg6
21. Be4 Qh6 22. Kh2 b6 23. a3 Na6 24. b4 c5 25. b5 Nc7 26. Rae1 Rd4 27. Bd3 Rfd8 28. Rd1 Qh5 29. Rf3 Rxc4 30. Bxh7+ Kxh7
31. Rxd8 Nd5 32. Qd3+
1-0

[Event "Albin Counter-gambit"]
[Site "SchemingMind.com"]
[Date "2008.02.28"]
[Round "-"]
[White "SLAINTIE MHATH"]
[Black "TRFz"]
[Result "0-1"]
[WhiteCountry "POL"]
[BlackCountry "GBR"]
[WhiteElo "1591"]
[WhiteRD "45"]
[BlackElo "2049"]
[BlackRD "54"]
[GameID "143842"]

1. d4 d5 2. c4 e5 3. dxe5 d4 4. Nf3 Nc6 5. e3 Bb4+ 6. Bd2 dxe3 7. fxe3 Bg4 8. Be2 Bxd2+ 9. Qxd2 Bxf3 10. Bxf3 Nxe5
11. Bxb7 Qxd2+ 12. Nxd2 Rb8 13. Bd5 Rxb2 14. Rb1 Rxa2 15. Rb8+ Kd7 16. Ke2 c6 17. Be4 Nxc4 18. Bf5+ Kc7 19. Rc8+ Kb7 20. Rb1+ Nb6
21. Ke1 g6 22. Bh3 f5 23. Rf8 Kc7 24. e4 Nd7 25. Rf7 Nh6 26. Rg7 c5 27. e5 Re8 28. Nc4 Kc6 29. e6 Rxe6+ 30. Kf1 Nf6
31. g3 Rxh2 32. Bg2+ Ne4 33. Na5+ Kd5 34. Rd7+ Ke5 35. Nc4+ Kf6 36. Rb8 Nxg3+ 37. Kg1 Ng4 38. Rb1 Ne2+ 39. Kf1 f4 40. Rd6 Ne3+
41. Nxe3 fxe3 42. Rxe6+ Kxe6 43. Kxe2 Rxg2+ 44. Kxe3 h5 45. Rb7 Ra2 46. Kd3 h4 47. Rb5 Kd6 48. Rb8 h3 49. Rh8 g5 50. Rh6+ Ke5
51. Kc4 g4 52. Rh5+ Kf4 53. Kxc5 Ra5+
0-1

[Event "Albin Counter-gambit"]
[Site "SchemingMind.com"]
[Date "2008.02.28"]
[Round "-"]
[White "SLAINTIE MHATH"]
[Black "dcon"]
[Result "0-1"]
[WhiteCountry "POL"]
[BlackCountry "RSA"]
[WhiteElo "1591"]
[WhiteRD "45"]
[BlackElo "2079"]
[BlackRD "61"]
[GameID "143843"]

1. d4 d5 2. c4 e5 3. dxe5 d4 4. Nf3 c5 5. b3 Nc6 6. Bg5 Be7 7. h4 Bg4 8. Nbd2 Bxg5 9. Nxg5 Nxe5 10. f3 Bd7
11. Nge4 Qc7 12. Qc2 Ne7 13. O-O-O Nf5 14. Re1 Ne3 15. Qb1 b5 16. f4 Nc6 17. Nxc5 Bf5 18. Qb2 Qxf4 19. Rh3 bxc4 20. bxc4 Bxh3
21. gxh3 Rb8 22. Nb7 O-O 23. Qb5 Rfc8 24. Qa6 Qf5 25. Kb2 Qc2+ 26. Ka3 Ne5 27. Bg2 Qxd2 28. Bd5 Nxd5 29. Qb5 Nxc4+ 30. Kb3 Qc3+
0-1

[Event "Albin Counter-gambit"]
[Site "SchemingMind.com"]
[Date "2008.03.03"]
[Round "-"]
[White "ilardi"]
[Black "SLAINTIE MHATH"]
[Result "0-1"]
[WhiteCountry "USA"]
[BlackCountry "POL"]
[WhiteElo "1494"]
[WhiteRD "135"]
[BlackElo "1608"]
[BlackRD "49"]
[GameID "143844"]

1. d4 d5 2. c4 e5 3. Nc3 Bb4 4. Qa4+ Nc6 5. Bd2 dxc4 6. e3 Be6 7. Nf3 Bxc3 8. Bxc3 exd4 9. exd4 Nf6 10. Bxc4 Bxc4
11. Qxc4 Qe7+ 12. Kd1 O-O-O 13. Re1 Qd6 14. b3 Nd5 15. Rc1 Rhe8 16. Bd2 f6 17. g3 Rxe1+ 18. Bxe1 Qa3 19. Rc2 Ndb4 20. Re2 Nxa2
21. d5 Rxd5+ 22. Rd2 Rxd2+ 23. Bxd2 Qd6 24. Qg8+ Nd8 25. Qxg7 Nc3+ 26. Ke1 Qe6+ 27. Kf1 Qe2+ 28. Kg2 Ne4 29. Be3 b6 30. Qxh7 Qc2
31. Qf5+ Kb8 32. Qd7 Nc6 33. b4 Nxb4 34. Qd4 c5 35. Bf4+ Kb7 36. Qd7+ Ka6 37. h4 Qxf2+ 38. Kh3 Qxf3 39. Qc8+ Ka5 40. Qg4 Qh1#
0-1

[Event "Albin Counter-gambit"]
[Site "SchemingMind.com"]
[Date "2008.02.29"]
[Round "-"]
[White "Valiantangel"]
[Black "SLAINTIE MHATH"]
[Result "0-1"]
[WhiteCountry "SGP"]
[BlackCountry "POL"]
[WhiteElo "1301"]
[WhiteRD "86"]
[BlackElo "1655"]
[BlackRD "50"]
[GameID "143845"]

1. d4 d5 2. c4 e5 3. dxe5 d4 4. Nf3 c5 5. e3 Bg4 6. Be2 Bxf3 7. Bxf3 Qd7 8. Qb3 Nc6 9. O-O Qe6 10. exd4 b6
11. d5 Na5 12. dxe6 Nxb3 13. exf7+ Kxf7 14. Bxa8 Nxa1 15. Be4 Ke6 16. Bf4 h6
0-1

[Event "Albin Counter-gambit"]
[Site "SchemingMind.com"]
[Date "2008.02.28"]
[Round "-"]
[White "ekulrac"]
[Black "SLAINTIE MHATH"]
[Result "1-0"]
[WhiteCountry "SCO"]
[BlackCountry "POL"]
[WhiteElo "1809"]
[WhiteRD "62"]
[BlackElo "1591"]
[BlackRD "45"]
[GameID "143846"]

1. d4 d5 2. c4 e5 3. dxe5 c6 4. Nf3 Bb4+ 5. Nc3 Bg4 6. e3 Na6 7. cxd5 Bxc3+ 8. bxc3 Qxd5 9. Qxd5 cxd5 10. Nd4 Ne7
11. Ba3 Nc6 12. Nxc6 bxc6 13. Bxa6 Rb8 14. O-O Kd7 15. Rab1 Ke6 16. f4 Bf5 17. Rb7 Rxb7 18. Bxb7 Bd3 19. Rd1 Bb5 20. g4 Rb8
21. c4 Rxb7 22. cxb5 Rxb5 23. Bd6 c5 24. f5+ Kd7 25. Rxd5 Rb1+ 26. Kg2 Rb2+ 27. Kf3 Ke8 28. Rxc5 Rxa2 29. h4 a5 30. Rc3 a4
31. Ra3 Rxa3 32. Bxa3 Kd7 33. Ke4 Kc6 34. h5 Kd7 35. Kd5 h6 36. e6+ Ke8 37. g5 hxg5 38. f6 fxe6+ 39. Kxe6 gxf6 40. h6 g4
41. h7
1-0